ARRUPE JESUIT UNIVERSITY

CORONAVIRUS -STOP THE SPREAD - CLEAN,DISINFECT,COVER

From Euclid to Eddington : (Record no. 121788)

MARC details
000 -LEADER
fixed length control field 00915cam a2200241 a 4500
001 - CONTROL NUMBER
control field 1561694
003 - CONTROL NUMBER IDENTIFIER
control field ARRUPE
005 - DATE AND TIME OF LATEST TRANSACTION
control field 20150122160638.0
008 - FIXED-LENGTH DATA ELEMENTS--GENERAL INFORMATION
fixed length control field 820201r19581949nyu b 001 0 eng d
035 ## - SYSTEM CONTROL NUMBER
System control number (OCoLC)ocm08119156
040 ## - CATALOGING SOURCE
Original cataloging agency PLF
Transcribing agency PLF
Modifying agency UNL
-- OCL
-- ZCU
300 ## - PHYSICAL DESCRIPTION
Dimensions 21 cm.
100 1# - MAIN ENTRY--PERSONAL NAME
Personal name Whittaker, E. T.
Fuller form of name (Edmund Taylor),
Dates associated with a name 1873-1956.
9 (RLIN) 14283
245 10 - TITLE STATEMENT
Title From Euclid to Eddington :
Remainder of title a study of conceptions of the external world /
Statement of responsibility, etc by Sir Edmund Whittaker.
260 ## - PUBLICATION, DISTRIBUTION, ETC. (IMPRINT)
Place of publication, distribution, etc New York :
Name of publisher, distributor, etc Dover Publications,
Date of publication, distribution, etc 1958.
300 ## - PHYSICAL DESCRIPTION
Extent ix, 212 p. ;
500 ## - GENERAL NOTE
General note Reprint. Originally published: Cambridge [Cambridgeshire] : Cambridge University Press, 1949.
500 ## - GENERAL NOTE
General note "Represents the substance of the Tarner Lectures of 1947"--Pref.
504 ## - BIBLIOGRAPHY, ETC. NOTE
Bibliography, etc Includes bibliographical references and index.
650 #0 - SUBJECT ADDED ENTRY--TOPICAL TERM
Topical term or geographic name as entry element Science
General subdivision Philosophy.
9 (RLIN) 14284
740 01 - ADDED ENTRY--UNCONTROLLED RELATED/ANALYTICAL TITLE
Uncontrolled related/analytical title Tarner lectures.
942 ## - ADDED ENTRY ELEMENTS (KOHA)
Source of classification or shelving scheme Library of Congress Classification
Koha item type Monograph ( Printed materials)
Holdings
Withdrawn status Lost status Source of classification or shelving scheme Damaged status Not for loan Collection code Home library Current library Shelving location Date acquired Total Checkouts Full call number Barcode Date last seen Price effective from Koha item type
    Library of Congress Classification     Main Collection ARRUPE LIBRARY ARRUPE LIBRARY Main Collection 20/01/2015   Q175.W6513 46500003198 03/07/2019 20/01/2015 Monograph ( Printed materials)

 

Arrupe Library. PO Box MP320 Mt Pleasant, Harare, Zimbabwe
263 242 745411|librarian@aju.ac.zw